01076nab a22002057a 4500003000400000005001700004008004100021040000700062100001800069245017600087300001200263505025700275505007200532650002300604650005200627650002900679650001900708650004000727773010300767OSt20260109011827.0190514b xxu||||| |||| 00| 0 spa d cPJ aAlmada, Sonia10aNunca más el silencio :bimprescriptibilidad, verdad y protección digital frente a la violencia sexual contra bebés, niñas, niños y adolescentes /cSonia Almada. ap. 3-10 aSumario: I. Introducción.— II. La imprescriptibilidad como reparación y prevención.— III. Comisiones de la verdad: una deuda pendiente.— IV. Formación, adecuación institucional y nuevas formas de violencia.— V. Consideraciones finales tSi te interesa el texto, comunicate a koha@justierradelfuego.gov.ar 0aDERECHO DE FAMILIA 0aDERECHOS DE LAS NIÑAS, NIÑOS Y ADOLESCENTES 0aVIOLENCIA CONTRA MENORES 0aPRESCRIPCIÓN 0aDELITOS CONTRA LA INTEGRIDAD SEXUAL0 02844dBuenos Aires : AbeledoPerrot, 1989-tDerecho de familia. N° 121 - Septiembre 2025z18511201